Cities of Jones County, Iowa - Statistics

General Stats
  • This quiz has been taken 3 times
  • The average score is 5 of 9
Answer Stats
Cities % Correct
1 Anamosa
100%
3 Cascade
100%
2 Monticello
100%
6 Oxford Junction
67%
5 Wyoming
67%
4 Olin
33%
8 Onslow
33%
7 Martelle
0%
9 Morley
0%
No matching quizzes found
Score Distribution
Percent of People with Each Score
Percentile by Number Answered
Your Score History
You have not taken this quiz